Подробности
| 000 -МАРКЕР |
| контрольное поле |
03417nam0a22004331 4500 |
| 001 - ИДЕНТИФИКАТОР ЗАПИСИ |
| контрольное поле |
v19\rc\2109746 |
| 005 - ИДЕНТИФИКАТОР ВЕРСИИ |
| контрольное поле |
20260408063605.0 |
| 035 ## - ДРУГИЕ СИСТЕМНЫЕ НОМЕРА |
| Идентификатор записи |
(NLR Aleph) 005279398 |
| 100 ## - ДАННЫЕ ОБЩЕЙ ОБРАБОТКИ |
| Данные общей обработки |
20090914d1823 |||y0rusy50 ca |
| 101 0# - ЯЗЫК РЕСУРСА |
| Язык текста, звукозаписи и т.д. |
русский |
| 102 ## - СТРАНА ПУБЛИКАЦИИ ИЛИ ПРОИЗВОДСТВА |
| Страна публикации |
российская федерация |
| 140 ## - ПОЛЕ КОДИРОВАННЫХ ДАННЫХ: СТАРОПЕЧАТНЫЕ ИЗДАНИЯ - ОБЩАЯ ИНФОРМАЦИЯ |
| Кодированные данные о старопечатном издании - Основные |
y y zz yaa0000 |
| 200 1# - ЗАГЛАВИЕ И СВЕДЕНИЯ ОБ ОТВЕТСТВЕННОСТИ |
| Основное заглавие |
О суде присяжными во Франции |
| 210 ## - ПУБЛИКАЦИЯ, РАСПРОСТРАНЕНИЕ И ДР. |
| Место издания, распространения и т.д. |
Москва |
| Имя издателя, распространителя и т. д. |
в типографии С. Селивановскаго |
| Дата издания, распространения и т.д. |
1823 |
| 215 ## - ФИЗИЧЕСКАЯ ХАРАКТЕРИСТИКА |
| Специфическое обозначение материала и объем |
42 с. |
| Размеры |
8° |
| 300 ## - ОБЩИЕ ПРИМЕЧАНИЯ |
| Текст примечания |
Ценз.: Л.А.Цветаев, 2 марта 1823 г. |
| 300 ## - ОБЩИЕ ПРИМЕЧАНИЯ |
| Текст примечания |
Авт. установлен по: С.Л.Мухина. Безвестные декабристы // Ист. зап.- 1975. - Т.96. - С.240 |
| 300 ## - ОБЩИЕ ПРИМЕЧАНИЯ |
| Текст примечания |
На с.3 посвящ. А.С.Неболсиной |
| 300 ## - ОБЩИЕ ПРИМЕЧАНИЯ |
| Текст примечания |
Изд. также: Вестник Европы. - 1823. - № 10. - С.81-98, № 11. - С.161-177 |
| 316 ## - ПРИМЕЧАНИЯ ОБ ОСОБЕННОСТЯХ ЭКЗЕМПЛЯРА |
| Текст примечания |
Экз. РНБ (18.72.3.74) в составном картонном переплете, обтянутом мраморной бумагой, с кожаными корешком и уголками. На корешке золотое тиснение и вытесненная надпись: "О су[де] во Фра[нции]". На нижней крышке переплета экслибрис Русского фонда ГПБ. На форзаце ярлык, заклеивающий рукоп. помету, с шифром РНБ. На тит. л., с.15 и 42 круглый штамп ГПБ |
| Организация и экземпляр, к которому относится поле |
NLR: 18.72.3.74 |
| 316 ## - ПРИМЕЧАНИЯ ОБ ОСОБЕННОСТЯХ ЭКЗЕМПЛЯРА |
| Текст примечания |
Экз. РНБ (139/281) в составном картонном переплете, обтянутом мраморной бумагой, с кожаными корешком и уголками. На корешке золотое тиснение и вытесненная надпись: "О су[де] во Фра[нции]". На верхней крышке переплета бумаж. наклейка с цифрами: 3 224. На нижней крышке переплета экслибрис Русского фонда ГПБ. На форзаце ярлык с шифром РНБ. На нахзаце рукоп. помета: "Из департ. Кат. кн. с 14 го февраля по 2 е октября 1823 года. № 50". На об. тит. л. и с.33 круглый штамп ГПБ |
| Организация и экземпляр, к которому относится поле |
NLR: 139/281 |
| 321 1# - ПРИМЕЧАНИЯ ОБ ОТДЕЛЬНО ИЗДАННЫХ УКАЗАТЕЛЯХ / РЕФЕРАТАХ / ССЫЛКАХ, ОТРАЖАЮЩИХ КАТАЛОГИЗИРУЕМЫЙ ДОКУМЕНТ |
| Примечания об указателях, рефератах, ссылках |
Петр. 1617 |
| 321 1# - ПРИМЕЧАНИЯ ОБ ОТДЕЛЬНО ИЗДАННЫХ УКАЗАТЕЛЯХ / РЕФЕРАТАХ / ССЫЛКАХ, ОТРАЖАЮЩИХ КАТАЛОГИЗИРУЕМЫЙ ДОКУМЕНТ |
| Примечания об указателях, рефератах, ссылках |
Смирд. 2115 |
| 488 #0 - ДРУГИЕ ВЗАИМОСВЯЗАННЫЕ ПРОИЗВЕДЕНИЯ (ДОКУМЕНТЫ) |
| Встроенное поле |
2001#$aВестник Европы$v1823, № 10-11 |
| Заглавие |
Вестник Европы |
| 620 ## - МЕСТО И ДАТА ПУБЛИКАЦИИ, ИСПОЛНЕНИЯ И Т. Д. |
| Страна |
Москва |
| 700 #1 - ИМЯ ЛИЦА - ПЕРВИЧНАЯ ОТВЕТСТВЕННОСТЬ |
| Начальный элемент ввода |
Черевин |
| Часть имени, кроме начального элемента ввода |
П.Д. |
| Даты |
1802-1824 |
| Расширение инициалов личного имени |
Павел Дмитриевич |
| 702 #1 - ИМЯ ЛИЦА - ВТОРИЧНАЯ ОТВЕТСТВЕННОСТЬ |
| Начальный элемент ввода |
Неболсина |
| Часть имени, кроме начального элемента ввода |
А.С. |
| Расширение инициалов личного имени |
Авдотья Селиверстовна |
| Код отношения |
Объект посвящения |
| 702 #1 - ИМЯ ЛИЦА - ВТОРИЧНАЯ ОТВЕТСТВЕННОСТЬ |
| Код отношения |
Цензор |
| Материалы, к которым относится поле |
rus |
| Графика поля |
Кириллица |
| Начальный элемент ввода |
Цветаев |
| Часть имени, кроме начального элемента ввода |
Л. А. |
| Даты |
1777-1835 |
| Расширение инициалов личного имени |
Лев Алексеевич |
| Идентификатор авторитетной/нормативной записи |
RU\NLR\AUTH\77123001 |
| Системный номер авторитетной/нормативной записи |
105926 |
| 702 #1 - ИМЯ ЛИЦА - ВТОРИЧНАЯ ОТВЕТСТВЕННОСТЬ |
| Код отношения |
Печатник (типограф) |
| Графика поля |
Кириллица |
| Материалы, к которым относится поле |
rus |
| Начальный элемент ввода |
Селивановский |
| Часть имени, кроме начального элемента ввода |
С.И. |
| Даты |
1772-1835 |
| Расширение инициалов личного имени |
Семен Иоанникиевич |
| Системный номер авторитетной/нормативной записи |
236104 |
| Идентификатор авторитетной/нормативной записи |
RU\NLR\AUTH\770236160 |
| 712 00 - НАИМЕНОВАНИЕ ОРГАНИЗАЦИИ - ВТОРИЧНАЯ ОТВЕТСТВЕННОСТЬ |
| Код отношения |
Печатник (типограф) |
| Начальный элемент ввода |
Селивановский, |
| Инверсированный элемент |
С., |
| Часть наименования, отличная от начального элемента ввода и от инверсированного элемента |
типография и словолитня |
| Идентифицирующий признак |
Москва |
| Идентификатор авторитетной/нормативной записи |
RU\NLR\AUTH\8810035689 |
| Системный номер авторитетной/нормативной записи |
569800 |
| 801 #0 - ИСТОЧНИК ЗАПИСИ |
| Страна |
российская федерация |
| Организация |
NLR |
| Дата составления |
20090914 |
| Правила каталогизации |
psbo |
| 801 #1 - ИСТОЧНИК ЗАПИСИ |
| Страна |
российская федерация |
| Организация |
ProSoft-M |
| Дата составления |
20090914 |
| Источник данных |
rusmarc |
| 801 #2 - ИСТОЧНИК ЗАПИСИ |
| Страна |
российская федерация |
| Организация |
NLR |
| Дата составления |
20110311 |
| Источник данных |
rusmarc |
| 852 ## - МЕСТОНАХОЖДЕНИЕ И ШИФР ХРАНЕНИЯ |
| Идентификатор организации |
NLR |
| Шифр хранения (Call Number) |
18.72.3.74 |
| 852 ## - МЕСТОНАХОЖДЕНИЕ И ШИФР ХРАНЕНИЯ |
| Идентификатор организации |
NLR |
| Шифр хранения (Call Number) |
139/281 |
| 942 ## - ДОПОЛНИТЕЛЬНЫЕ ЭЛЕМЕНТЫ ЗАПИСИ (АБИС) |
| Тип экземпляра АБИС |
Книга |
| 980 ## - КОЛЛЕКЦИЯ |
| Название коллекции |
Национальная библиография |